000 00680nam a2200217 i 4500
001 bg
245 0 _aTeoria sterowania :
_bćwiczenia laboratoryjne /
_cpod red. Andrzeja Wiszniewskiego ; Politechnika Wrocławska.
250 _aWyd. 2.
260 _aWrocław :
_bWydaw. PW,
_c1991.
300 _a230 s. :
_brys., wykr. ;
_c24 cm.
504 _aBibliogr. s. 227-228.
650 9 _aSterowanie
_xteoria
655 _aPodręczniki akademickie
700 1 _aWISZNIEWSKI, Andrzej.
_eRed.
710 _aPOLITECHNIKA WROCŁAWSKA (Wrocław)
040 _cBPK
041 _apol
080 _a681.5:62-5:621.3](075.8)(076)
942 _cKS
008 s pl f |000 0 pol
999 _c5955
_d5955
856 _uhttp://koha.tu.koszalin.pl/cgi-bin/koha/opac-detail.pl?biblionumber=5955
_yKatalog online BPK